Guide For The Utilization Of The District Assemblies Common Fund For 2017 Fiscal Year (Record no. 2408)

MARC details
000 -LEADER
fixed length control field 00453nam a2200145Ia 4500
008 - FIXED-LENGTH DATA ELEMENTS--GENERAL INFORMATION
fixed length control field 240429s9999||||xx |||||||||||||| ||und||
041 ## - LANGUAGE CODE
Language code of text/sound track or separate title eng
082 ## - DEWEY DECIMAL CLASSIFICATION NUMBER
Classification number CR/DACF/17
100 ## - MAIN ENTRY--PERSONAL NAME
Personal name Parliament of Ghana
245 #0 - TITLE STATEMENT
Title Guide For The Utilization Of The District Assemblies Common Fund For 2017 Fiscal Year
300 ## - PHYSICAL DESCRIPTION
Extent 11p
650 ## - SUBJECT ADDED ENTRY--TOPICAL TERM
Topical term or geographic name entry element Guide For The Utilization Of The District Assemblies Common Fund For 2017 Fiscal Year
942 ## - ADDED ENTRY ELEMENTS (KOHA)
Koha item type Committee Reports
Holdings
Withdrawn status Lost status Damaged status Not for loan Home library Current library Shelving location Date acquired Total checkouts Full call number Date last seen Copy number Price effective from Koha item type
        Main Library Main Library Open Shelves 30/01/2023   CR/DACF/17 4605 29/04/2024 1 29/04/2024 Committee Reports
©2026  Parliament of Ghana Library - All rights reserved